Największe Polskie wytwórnie muzyczne według subskrypcji - Statystyki

Ogólne statystyki
  • Ten quiz został rozwiązany 1 752 razy
  • Średni wynik to 4 z 11
Statystyki odpowiedzi
Subskrypcje Nazwa wytwórni % Poprawnych
1,576,463 SBM Label
87%
1,677,429 QueQuality
83%
2,946,223 Step Records
67%
934,795 Asfalt Records
52%
1,809,073 ProstoTV
46%
1,232,558 NewBadLabel
26%
1,297,009 BORCREW OFFICIAL
19%
1,453,585 UrbanRecTv
12%
800,773 StoprocentTV
7%
705,636 MaxFloRec TV
5%
615,772 Lemon Records
1%
Nie znaleziono quizów pasujących do podanych kryteriów
Rozkład punktacji
Procent ludzi z każdym wynikiem
Percentyl według liczby udzielonych odpowiedzi
Twoja historia wyników
Nie rozwiązałeś tego quizu